| 000 | 007010000a22002290004500 | ||
|---|---|---|---|
| 003 | LK-CoMWRAF | ||
| 005 | 20230921101208.0 | ||
| 008 | 230817t1991 ||||| |||| 00| 0 eng d | ||
| 020 | _a0201523213 | ||
| 040 |
_aLK-CoMWRAF _dLK-CoMWRAF _eLK-CoMWRAF |
||
| 041 | _aeng | ||
| 082 |
_a297.12 _bMER |
||
| 100 | _aMernissi, Fatima | ||
| 245 |
_aThe veil and the male elite: _ba feminist interpretation of women's rights in Islam |
||
| 260 |
_aNew York: _bAddison-Wesley _c1991 |
||
| 300 |
_axi, 228 p. : map ; 25 cm. _bIndex included |
||
| 650 | _aWOMEN IN THE HADITH | ||
| 650 | _aWomen in Islam | ||
| 650 | _aMuḼammad, Prophet-Views on women | ||
| 700 |
_aLakeland, Mary Jo _etrans. |
||
| 942 | _cBK | ||
| 999 |
_c2951 _d2951 |
||